[Event "Klatovy op-B 24th"]
[Site "Klatovy"]
[Date "2018.07.03"]
[Round "4"]
[White "Leseticky, Vladimir"]
[Black "Bauer, Jan"]
[Result "1-0"]
[WhiteElo "1730"]
[BlackElo "1415"]
[PlyCount "77"]
[EventDate "2018.06.30"]
[EventType "swiss"]
[EventRounds "9"]
[EventCountry "CZE"]
[SourceTitle "CBM 185 Extra"]
[Source "ChessBase"]
[SourceDate "2018.07.29"]
[SourceVersion "1"]
[SourceVersionDate "2018.07.29"]
[SourceQuality "1"]

1. e4 e5 2. Nf3 Nc6 3. Bc4 Nf6 4. d3 Be7 5. 0-0 0-0 6. a3 d6 7. h3 b6 8. Bg5 Bb7 9. Nc3 Nd7 10. Qd2 Nd4 11. Be3 Nxf3+ 12. gxf3 Kh8 13. f4 f5 14. Bd5 c6 15. Be6 g5 16. f3 gxf4 17. Bf2 fxe4 18. dxe4 Qe8 19. Kh2 Nf6 20. Rg1 Bc8 21. Bxc8 Rxc8 22. Bh4 Nxe4 23. Nxe4 Bxh4 24. Qxd6 Qh5 25. Rg4 Rfe8 26. Nf6 Bg3+ 27. Kg2 Rcd8 28. Qxd8 Rxd8 29. Nxh5 Rd2+ 30. Kg1 Bf2+ 31. Kf1 Be3 32. Nf6 Rd8 33. Ne4 h5 34. Rg5 Kh7 35. Ke2 Kh6 36. Rd1 Rf8 37. Rd6+ Kh7 38. Rdg6 Rf7 39. Nf6+ 1-0

[Event "Klatovy op-B 23rd"]
[Site "Klatovy"]
[Date "2017.07.06"]
[Round "6"]
[White "Leseticky, Vladimir"]
[Black "Novotny, David"]
[Result "1-0"]
[WhiteElo "1685"]
[BlackElo "1725"]
[PlyCount "53"]
[EventDate "2017.07.01"]
[EventType "swiss"]
[EventRounds "9"]
[EventCountry "CZE"]
[SourceTitle "EXT 2018"]
[Source "ChessBase"]
[SourceDate "2017.10.13"]
[SourceVersion "1"]
[SourceVersionDate "2017.10.13"]
[SourceQuality "1"]

1. e4 e6 2. Nf3 d5 3. exd5 exd5 4. d4 Bd6 5. Bg5 f6 6. Bd2 Bg4 7. Be2 Nc6 8. 0-0 Bxf3 9. Bxf3 Nxd4 10. Bh5+ g6 11. Re1+ Be7 12. Bc3 Nb5 13. Bf3 Nxc3 14. Nxc3 c6 15. Qd2 Qc7 16. Re6 0-0-0 17. g3 Bd6 18. Rae1 Kb8 19. Re8 Ne7 20. Rxh8 Rxh8 21. a3 h5 22. Qe2 h4 23. Kg2 Qb6 24. Qe6 Nc8 25. Nd1 hxg3 26. hxg3 Be5 27. Rxe5 1-0

[Event "Klatovy op-B 23rd"]
[Site "Klatovy"]
[Date "2017.07.05"]
[Round "5"]
[White "Svanda, Adam"]
[Black "Leseticky, Vladimir"]
[Result "0-1"]
[WhiteElo "1699"]
[BlackElo "1685"]
[PlyCount "68"]
[EventDate "2017.07.01"]
[EventType "swiss"]
[EventRounds "9"]
[EventCountry "CZE"]
[SourceTitle "EXT 2018"]
[Source "ChessBase"]
[SourceDate "2017.10.13"]
[SourceVersion "1"]
[SourceVersionDate "2017.10.13"]
[SourceQuality "1"]

1. c4 e5 2. Nc3 Nf6 3. g3 Be7 4. Bg2 c6 5. Nf3 d6 6. 0-0 0-0 7. a3 e4 8. Nd4 d5 9. cxd5 Qb6 10. d6 Bxd6 11. Nc2 Bf5 12. Ne3 Bg6 13. d3 exd3 14. exd3 Qc7 15. Nc4 Bc5 16. Bf4 Qd8 17. Ne5 Bf5 18. Qb3 Bb6 19. Ne4 Nxe4 20. dxe4 Be6 21. Qc2 Qf6 22. Nc4 Bxc4 23. Qxc4 Qxb2 24. Rad1 Na6 25. Rd7 Rad8 26. Rxb7 Bxf2+ 27. Rxf2 Qxb7 28. Rc2 Qb6+ 29. Kf1 Rd1+ 30. Ke2 Qg1 31. Qxa6 Rfd8 32. Kf3 R1d3+ 33. Kg4 Qd1+ 34. Kh3 Qh5# 0-1

[Event "Klatovy op-B 23rd"]
[Site "Klatovy"]
[Date "2017.07.03"]
[Round "3"]
[White "Flajsman, Pavel"]
[Black "Leseticky, Vladimir"]
[Result "1/2-1/2"]
[WhiteElo "1736"]
[BlackElo "1685"]
[PlyCount "55"]
[EventDate "2017.07.01"]
[EventType "swiss"]
[EventRounds "9"]
[EventCountry "CZE"]
[SourceTitle "EXT 2018"]
[Source "ChessBase"]
[SourceDate "2017.10.13"]
[SourceVersion "1"]
[SourceVersionDate "2017.10.13"]
[SourceQuality "1"]

1. f4 b6 2. e4 Bb7 3. Nc3 e6 4. Nf3 Nc6 5. d3 Be7 6. g3 Bf6 7. Bg2 Bxc3+ 8. bxc3 Qe7 9. Qd2 h6 10. Bb2 0-0-0 11. c4 Nf6 12. a4 d5 13. e5 Ne4 14. Qc1 Nc5 15. d4 Ne4 16. cxd5 exd5 17. Nd2 f6 18. 0-0 f5 19. Nb3 a5 20. Bh3 g6 21. c3 h5 22. Nd2 Ba6 23. Re1 Nxd2 24. Qxd2 Bc4 25. Re3 Qe6 26. Qd1 Rd7 27. Qf3 Kb8 28. Kh1 1/2-1/2

[Event "Klatovy op-B 22nd"]
[Site "Klatovy"]
[Date "2016.07.05"]
[Round "4"]
[White "Sprenar, Petr"]
[Black "Leseticky, Vladimir"]
[Result "1/2-1/2"]
[WhiteElo "1798"]
[BlackElo "1665"]
[PlyCount "57"]
[EventDate "2016.07.02"]
[EventType "swiss"]
[EventRounds "9"]
[EventCountry "CZE"]
[SourceTitle "EXT 2019"]
[Source "ChessBase"]
[SourceDate "2018.10.10"]
[SourceVersion "1"]
[SourceVersionDate "2018.10.10"]
[SourceQuality "1"]

1. d4 Nf6 2. c4 e6 3. g3 d5 4. Bg2 Bb4+ 5. Bd2 Bxd2+ 6. Nxd2 dxc4 7. Nxc4 c6 8. Nf3 0-0 9. 0-0 Nbd7 10. Qc2 Qe7 11. e4 Nb6 12. Nfe5 Nxc4 13. Qxc4 Nd7 14. Nxd7 Bxd7 15. Rfd1 a5 16. Qc5 Qd8 17. e5 Ra6 18. Rdc1 Qb6 19. Bf1 Qxc5 20. dxc5 Raa8 21. Rd1 Rfd8 22. Rd6 Kf8 23. Rad1 Ke7 24. R1d4 Be8 25. b4 axb4 26. Rxb4 Ra7 27. Rxd8 Kxd8 28. a4 Kc7 29. Rg4 1/2-1/2

[Event "Klatovy op-B 22nd"]
[Site "Klatovy"]
[Date "2016.07.03"]
[Round "2"]
[White "Lener, Jaroslav"]
[Black "Leseticky, Vladimir"]
[Result "1/2-1/2"]
[WhiteElo "1820"]
[BlackElo "1665"]
[PlyCount "52"]
[EventDate "2016.07.02"]
[EventType "swiss"]
[EventRounds "9"]
[EventCountry "CZE"]
[SourceTitle "EXT 2019"]
[Source "ChessBase"]
[SourceDate "2018.10.10"]
[SourceVersion "1"]
[SourceVersionDate "2018.10.10"]
[SourceQuality "1"]

1. Nf3 d5 2. g3 Nf6 3. Bg2 e6 4. d3 Be7 5. 0-0 0-0 6. Nbd2 Nbd7 7. b3 c6 8. Bb2 Qc7 9. e3 Ng4 10. Qe2 Nge5 11. Nxe5 Nxe5 12. Rac1 Bf6 13. Ba1 Qe7 14. c4 Ng6 15. Bxf6 Qxf6 16. Rc2 Ne7 17. d4 Re8 18. f4 a5 19. a4 Bd7 20. Nf3 Ng6 21. Rfc1 Qe7 22. Ne1 Rab8 23. Qd2 Ra8 24. Nd3 Qd8 25. Ne5 Nxe5 26. fxe5 Qe7 1/2-1/2

[Event "Klatovy op-B"]
[Site "Klatovy"]
[Date "2013.07.04"]
[Round "6"]
[White "Leseticky, Vladimir"]
[Black "Kovar, Petr"]
[Result "1/2-1/2"]
[WhiteElo "1690"]
[BlackElo "1965"]
[PlyCount "22"]
[EventDate "2013.06.29"]
[EventType "swiss"]
[EventRounds "9"]
[EventCountry "CZE"]
[SourceTitle "EXT 2014"]
[Source "ChessBase"]
[SourceDate "2013.11.20"]
[SourceVersion "1"]
[SourceVersionDate "2013.11.20"]
[SourceQuality "1"]

1. e4 c5 2. Nf3 d6 3. d4 cxd4 4. Nxd4 Nf6 5. Nc3 g6 6. f4 Nc6 7. Nxc6 bxc6 8. e5 dxe5 9. Qxd8+ Kxd8 10. fxe5 Nd5 11. Nxd5 cxd5 1/2-1/2

[Event "Klatovy op-B"]
[Site "Klatovy"]
[Date "2013.07.03"]
[Round "5"]
[White "Leseticky, Vladimir"]
[Black "Simacek, Vaclav"]
[Result "1-0"]
[WhiteElo "1690"]
[BlackElo "1875"]
[PlyCount "55"]
[EventDate "2013.06.29"]
[EventType "swiss"]
[EventRounds "9"]
[EventCountry "CZE"]
[SourceTitle "EXT 2014"]
[Source "ChessBase"]
[SourceDate "2013.11.20"]
[SourceVersion "1"]
[SourceVersionDate "2013.11.20"]
[SourceQuality "1"]

1. e4 Nc6 2. Nf3 e5 3. Bc4 Bc5 4. 0-0 Nf6 5. d4 Bxd4 6. c3 Bb6 7. Bg5 0-0 8. b4 d6 9. a4 a6 10. h3 Be6 11. Na3 h6 12. Bh4 g5 13. Nxg5 Bxc4 14. Nxc4 hxg5 15. Bxg5 Re8 16. Ne3 Re6 17. Nd5 Nb8 18. Nxf6+ Rxf6 19. Qg4 Kg7 20. Bh4+ Kf8 21. a5 Ba7 22. Bxf6 Qxf6 23. Qc8+ Kg7 24. Qxb7 Nd7 25. Qxa8 Bb8 26. Qxa6 c5 27. Qb7 Qd8 28. a6 1-0

[Event "Plzen op 4th"]
[Site "Plzen"]
[Date "2012.11.20"]
[Round "3"]
[White "Berka, Lubos"]
[Black "Leseticky, Vladimir"]
[Result "0-1"]
[WhiteElo "1867"]
[BlackElo "1658"]
[PlyCount "46"]
[EventDate "2012.11.18"]
[EventType "swiss"]
[EventRounds "7"]
[EventCountry "CZE"]
[SourceTitle "CBM 151 Extra"]
[Source "ChessBase"]
[SourceDate "2012.12.18"]
[SourceVersion "1"]
[SourceVersionDate "2012.12.18"]
[SourceQuality "1"]

1. e4 e5 2. Nc3 Nf6 3. Bc4 Be7 4. d3 0-0 5. Nge2 d6 6. 0-0 c6 7. f4 Qb6+ 8. Kh1 Ng4 9. Rf3 Nf2+ 10. Rxf2 Qxf2 11. f5 Qh4 12. g3 Qh5 13. Qf1 Bg5 14. h4 Bxc1 15. Rxc1 Nd7 16. d4 Nf6 17. Ng1 exd4 18. Be2 Qh6 19. Nf3 dxc3 20. Ng5 Nxe4 21. Nxe4 Bxf5 22. Nxd6 Bh3 23. Qg1 Qxd6 0-1

[Event "Plzen op 3rd"]
[Site "Plzen"]
[Date "2011.11.22"]
[Round "5"]
[White "Hamza, Amira"]
[Black "Leseticky, Vladimir"]
[Result "1-0"]
[WhiteElo "1877"]
[BlackElo "1634"]
[PlyCount "53"]
[EventDate "2011.11.19"]
[EventType "swiss"]
[EventRounds "9"]
[EventCountry "CZE"]
[SourceTitle "CBM 145 Extra"]
[Source "ChessBase"]
[SourceDate "2012.01.03"]
[SourceVersion "1"]
[SourceVersionDate "2012.01.03"]
[SourceQuality "1"]

1. d4 Nf6 2. Nf3 d5 3. g3 g6 4. Bg2 Bg7 5. 0-0 0-0 6. c4 dxc4 7. Qc2 Nc6 8. Rd1 Bf5 9. Qxc4 Ne4 10. Nc3 Nxc3 11. bxc3 Qd7 12. Bf4 Bc2 13. Rd2 Na5 14. Qxc7 Qa4 15. Rc1 Rac8 16. Qxe7 Rxc3 17. Ne1 Re8 18. Qh4 Ra3 19. Rdxc2 Rxa2 20. Be3 Ra1 21. Rxa1 Qxa1 22. Rc1 Qa4 23. Qf4 Qb4 24. Nd3 Qb5 25. Ne5 Bxe5 26. dxe5 Qxe2 27. Bd5 1-0